LEADER 03304nam0 2200517 i 450 001 BVEE017163 005 20170908093205.0 012 $a4140 79s. i.o. HoPa (3) 1575 (R)$2fei$9Pt.1 012 $aa,in i-em e-ra StQu (3) 1574 (R)$2fei$9Pt.2 100 $a20121210g15741575||||0itac50 ba 101 | $alat 102 $afr 181 1$6z01$ai $bxxxe 182 1$6z01$an 200 1 $a˜D. Magni Ausonii Burdigalensis, œOpera in meliorem ordinem digesta. Recognita sunt à Iosepho Scaligero Iulij Caes. F. & infinitis locis emendata. Eiusdem Iosephi Scaligeri Ausonianarum lectionum libri duo, ... in quibus castigationum rationes redduntur, & difficiliores loci Ausoniani explicantur 210 $aLugduni$capud Ant. Gryphium$d1574-1575$e[Lione]$gAntonius Gryphius 215 $a2 pt. ([20], 343, [5]$d181, [11] p.) ; 16º 300 $aMarche sui front. e in fine della pt.2 300 $aData della pt.2: 1574 300 $aCors. ; gr. ; rom 300 $aSegn.: [par]⁸ 2[par]² a-x⁸ y⁶; A-M⁸ 300 $aIniziali e fregi xil. 316 $a1 v. - Timbro della Real biblioteca di Napoli sul front. della prima parte. - Mutilo delle cc. [par.]8 e M8$5IT-NA0079, SALA FARN.40. A 40 423 0$12001 $a˜Iosephi Scaligeri Iulii Caes. f. œAusonianarum lectionum libri duo.$1700 1$aScaliger$b, Joseph Juste$f <1540-1609>$3SBLV040937$4070 620 $dLione$3RLZL001494 700 1$aAusonius$b, Decimus Magnus$3RAVV077725$4070$0386570 702 1$aScaliger$b, Joseph Juste$f <1540-1609>$3SBLV040937 712 02$aGryphius, Antoine$3BVEV017500$4650 790 0$aAvsonij Magni$3BVEV042619$zAusonius, Decimus Magnus 790 1$aAusonio$b, Decimo Magno$3CFIV153803$zAusonius, Decimus Magnus 790 1$aAusonio$b, D. Magno$3CFIV160366$zAusonius, Decimus Magnus 790 0$aAusonius : Burdigalensis$3CFIV172981$zAusonius, Decimus Magnus 790 0$aAusonio$3CFIV173227$zAusonius, Decimus Magnus 790 0$aAusone$3CFIV173228$zAusonius, Decimus Magnus 790 1$aScaligero$b, Giuseppe Giusto$f <1540-1609>$3BVEV022894$zScaliger, Joseph Juste <1540-1609> 790 1$aVilliomarus$b, Yvo$3BVEV038703$zScaliger, Joseph Juste <1540-1609> 790 1$aScaligerus$b, Josephus$3BVEV073989$zScaliger, Joseph Juste <1540-1609> 791 02$aGrypius, Antonius$3CFIV254773$zGryphius, Antoine 801 3$aIT$bIT-NA0079$c20121210 850 $aIT-NA0079 912 $aBVEE017163 921 $aSBNM000001$bMarca non controllata$cS2$dSui front. e in fine della pt.2 950 0$aBiblioteca Nazionale Vittorio Emanuele III$c1 v.$d BNSALA FARN.40. A 40$e BNA010014651955 H 1 v. - Timbro della Real biblioteca di Napoli sul front. della prima parte. - Mutilo delle cc. [par.]8 e M8$fC $h20121210$i20121210$lMutilo delle cc. [par.]8 e M8$mImperfezioni$lTimbro della Real biblioteca di Napoli sul front. della prima parte$mTimbri storici della biblioteca proprietaria 977 $a BN 996 $aOpera in meliorem ordinem digesta. Recognita sunt a Iosepho Scaligero Iulij Caes. f. & infinitis locis emendata. Eiusdem Iosephi Scaligeri Ausonianarum lectionum libri duo, ... in quibus castigationum rationes redduntur, & difficiliores loci Ausoniani explicantur$91479413 997 $aUNISANNIO